[Event "GRE-ch Schools Gymnasia-A 30th"]
[Site "Peristeri"]
[Date "2018.04.02"]
[Round "9"]
[White "Mastorakis, Stylianos"]
[Black "Spanos, Dimitrios"]
[Result "0-1"]
[WhiteElo "1112"]
[BlackElo "1270"]
[PlyCount "78"]
[EventDate "2018.04.01"]
[EventType "swiss (rapid)"]
[EventRounds "9"]
[EventCountry "GRE"]
[SourceTitle "EXT 2019"]
[Source "ChessBase"]
[SourceDate "2018.10.10"]
[SourceVersion "1"]
[SourceVersionDate "2018.10.10"]
[SourceQuality "1"]

1. d4 d5 2. Bf4 Nf6 3. Nf3 Bf5 4. e3 e6 5. Bd3 Bg6 6. c3 Bd6 7. Bg3 Nbd7 8. Ne5 Bxd3 9. Qxd3 Ne4 10. Nxd7 Qxd7 11. Bxd6 Nxd6 12. Nd2 Qe7 13. f3 Nf5 14. 0-0-0 Rc8 15. e4 dxe4 16. fxe4 Nd6 17. Rhe1 0-0 18. d5 e5 19. Qe3 c6 20. dxc6 Rxc6 21. Qxa7 Ra6 22. Qc5 Rxa2 23. Nc4 Qg5+ 24. Kb1 Nxc4 25. Kxa2 Ra8+ 26. Kb1 Nxb2 27. Kc2 Nxd1 28. Rxd1 Qxg2+ 29. Kd3 h6 30. Qxe5 Rd8+ 31. Qd4 Rxd4+ 32. cxd4 Qf3+ 33. Kc2 Qxe4+ 34. Kc3 Qf3+ 35. Kc2 Qc6+ 36. Kd3 Qf3+ 37. Kc2 Qd5 38. Kc3 Kf8 39. Re1 Qa5+ 0-1